NFL Quarterbacks 2026-2027 (starters and backups) - Statistics

General Stats
  • This quiz has been taken 4,759 times
    282 since last reset
  • The average score is 45 of 64
Answer Stats
Division Team QBs % Correct
AFC East Buffalo Bills Josh Allen
98%
AFC East New England Patriots Drake Maye
94%
AFC North Cincinnati Bengals Joe Burrow
94%
AFC North Baltimore Ravens Lamar Jackson
93%
NFC East Dallas Cowboys Dak Prescott
92%
NFC North Chicago Bears Caleb Williams
91%
NFC East Philadelphia Eagles Jalen Hurts
91%
AFC West Los Angeles Chargers Justin Herbert
91%
AFC East Buffalo Bills Kyle Allen
91%
AFC West Kansas City Chiefs Patrick Mahomes
91%
AFC West Denver Broncos Bo Nix
90%
NFC North Green Bay Packers Jordan Love
90%
NFC West Los Angeles Rams Matthew Stafford
90%
AFC South Houston Texans C.J. Stroud
89%
NFC North Detroit Lions Jared Goff
89%
AFC South Jacksonville Jaguars Trevor Lawrence
89%
NFC South Carolina Panthers Bryce Young
88%
AFC South Indianapolis Colts Daniel Jones
88%
NFC East Washington Commanders Jayden Daniels
88%
AFC North Cleveland Browns Shadeur Sanders
88%
NFC South Tampa Bay Buccaneers Baker Mayfield
87%
NFC West Seattle Seahawks Sam Darnold
87%
NFC West San Francisco 49ers Brock Purdy
86%
AFC South Tennessee Titans Cam Ward
86%
NFC East New York Giants Jaxson Dart
86%
AFC West Las Vegas Raiders Kirk Cousins
86%
NFC South Atlanta Falcons Kirk Cousins
86%
NFC North Minnesota Vikings Kyler Murray
86%
NFC West San Francisco 49ers Mac Jones
85%
NFC North Minnesota Vikings J.J. McCarthy
84%
AFC West Las Vegas Raiders Fernando Mendoza
83%
AFC East Miami Dolphins Malik Willis
83%
NFC South Atlanta Falcons Michael Penix Jr.
82%
AFC East New York Jets Geno Smith
80%
NFC South New Orleans Saints Tyler Shough
79%
NFC West Arizona Cardinals Jacoby Brissett
76%
AFC West Kansas City Chiefs Justin Fields
76%
AFC North Cleveland Browns Dillon Gabriel
74%
AFC South Indianapolis Colts Anthony Richardson
70%
NFC South New Orleans Saints Spencer Rattler
69%
NFC East New York Giants Jameis Winston
68%
AFC North Cincinnati Bengals Joe Flacco
67%
NFC West Los Angeles Rams Ty Simpson
67%
NFC East Washington Commanders Marcus Mariota
66%
AFC North Baltimore Ravens Tyler Huntley
63%
AFC South Houston Texans Davis Mills
62%
AFC East Miami Dolphins Quinn Ewers
60%
AFC North Pittsburgh Steelers Mason Rudolph
59%
AFC West Denver Broncos Jarrett Stidham
56%
AFC North Pittsburgh Steelers Drew Allar
51%
AFC West Los Angeles Chargers Trey Lance
46%
NFC West Arizona Cardinals Gardner Minshew
44%
NFC South Carolina Panthers Kenny Pickett
41%
NFC West Seattle Seahawks Drew Lock
40%
NFC North Chicago Bears Tyson Bagent
38%
NFC South Tampa Bay Buccaneers Jake Browning
36%
NFC North Detroit Lions Teddy Bridgewater
36%
NFC East Philadelphia Eagles Tanner McKee
34%
AFC South Tennessee Titans Mitchell Trubisky
32%
AFC East New England Patriots Tommy DeVito
31%
AFC East New York Jets Cade Klubnik
27%
NFC East Dallas Cowboys Sam Howell
17%
AFC South Jacksonville Jaguars Nick Mullens
15%
NFC North Green Bay Packers Desmond Ridder
13%
No matching quizzes found
Score Distribution
Percent of People with Each Score
Percentile by Number Answered
Your Score History
You have not taken this quiz since the last reset